Salud HOSMIL : (Registro nro. 2856)
[ vista simple ]
| 000 -LEADER | |
|---|---|
| campo de control de longitud fija | 01254nam a22001937a 4500 |
| 001 - NÚMERO DE CONTROL | |
| campo de control | 2856 |
| 003 - IDENTIFICADOR DE NÚMERO DE CONTROL | |
| campo de control | HMS |
| 005 - FECHA Y HORA DE LA ÚLTIMA TRANSACCIÓN | |
| campo de control | 20251017110723.0 |
| 008 - DATOS DE LONGITUD FIJA--INFORMACIÓN GENERAL | |
| campo de control de longitud fija | 251017e2003 cl o|jqrn|||l00| 0 spa |
| 040 ## - FUENTE DE CATALOGACIÓN | |
| Centro catalogador/agencia de origen | hms |
| Centro/agencia transcriptor | spa |
| Centro/agencia modificador | hms |
| 110 1# - ENTRADA PRINCIPAL--NOMBRE DE ENTIDAD CORPORATIVA | |
| Nombre de entidad corporativa o nombre de jurisdicción como elemento de entrada | Ejercito de Chile |
| Unidad subordinada | Hospital Militar de Santiago |
| 9 (RLIN) | 697 |
| 245 10 - MENCIÓN DEL TÍTULO | |
| Título | Salud HOSMIL : |
| Resto del título | 70 años experiencia a su servicio : Cada día mejor / |
| Mención de responsabilidad, etc. | Director General CRNL. Antonio Cordero ; Director administrativo CRNL. Roberto Machado ; Directora y editora Lucía Cifuentes. |
| Medio | [recurso electrónico] |
| 250 ## - MENCION DE EDICION | |
| Mención de edición | Enero 2003 |
| 260 ## - PUBLICACIÓN, DISTRIBUCIÓN, ETC. | |
| Lugar de publicación, distribución, etc. | Santiago de Chile : |
| Nombre del editor, distribuidor, etc. | Litografía Valente, |
| Fecha de publicación, distribución, etc. | 2003 |
| 500 ## - NOTA GENERAL | |
| Nota general | Incluye índice |
| 505 ## - NOTA DE CONTENIDO CON FORMATO | |
| Nota de contenido con formato | Dra. Nelly Espinoza: Hepatitis A, diarreas agudas y fiebres tifoidea: Amenazas pediátricas de verano. -- Dr. Juan Carlos Santibáñez: La base de una buena salud es la prevención. -- Dr. Mario Noé Pizzo: ¡30 años de servicio! en cirugía, ortopedia y traumatología infantil. -- Testimonio: María Isabel Contreras, ¡A un paso de morir! -- Dra. Josefina Jofré : Jefa del servicio de medicina nuclear del Hospital Militar. -- Dr. René Pumarino: El tiempo es vital: un dolor en el pecho puede ser muy grave. |
| 856 40 - LOCALIZACIÓN Y ACCESO ELECTRÓNICOS | |
| Identificador Uniforme de Recursos | <a href="https://nube.hms.cl/index.php/s/qJ8Wesf843HB774">https://nube.hms.cl/index.php/s/qJ8Wesf843HB774</a> |
| 942 ## - ELEMENTOS DE ENTRADA SECUNDARIOS (KOHA) | |
| Fuente del sistema de clasificación o colocación | Otra/Esquema de Clasificación Genérico |
| Suprimir en OPAC | No |
| Tipo de ítem Koha | Colección de Hemeroteca |
| Estatus retirado | Estado de pérdida | Fuente del sistema de clasificación o colocación | Estado de daño | No para préstamo | Colección | Biblioteca de origen | Biblioteca actual | Ubicación en estantería | Fecha de adquisición | Número de inventario | Total de préstamos | Signatura topográfica completa | Código de barras | Visto por última vez | Copia número | Precio de reemplazo | Tipo de ítem Koha |
|---|---|---|---|---|---|---|---|---|---|---|---|---|---|---|---|---|---|
| Otra/Esquema de Clasificación Genérico | Colección Reserva | Biblioteca Hospital Militar de Santiago | Biblioteca Hospital Militar de Santiago | Full Space | 17/10/2025 | 2346 | No. 1 Ene. 2003 | 2346 | 17/10/2025 | c.1 | 17/10/2025 | Colección de Hemeroteca |
